Bushmeat hunting and climate: An indirect link (Record no. 45399)

MARC details
000 -LEADER
fixed length control field 00383nam a2200133Ia 4500
100 ## - MAIN ENTRY--AUTHOR NAME
Personal name Sills Jennifer
245 #0 - TITLE STATEMENT
Title Bushmeat hunting and climate: An indirect link
260 ## - PUBLICATION, DISTRIBUTION, ETC. (IMPRINT)
Name of publisher Science
Year of publication 2010
300 ## - PHYSICAL DESCRIPTION
Number of Pages 30
520 ## - SUMMARY, ETC.
Summary, etc Articles bound received from Dr. James Jacob, Director, 2021
650 ## - SUBJECT ADDED ENTRY--TOPICAL TERM
Topical Term Climate change
942 ## - ADDED ENTRY ELEMENTS (KOHA)
Koha item type Reprints
Holdings
Withdrawn status Lost status Damaged status Not for loan Home library Current library Shelving location Date acquired Serial Enumeration / chronology Koha item type
      Reprints RRII Library RRII Library Climate change 22/12/2021 Volume 327, Issue 01-Jan Reprints